MARC details
| 000 -CABECERA |
| campo de control de longitud fija |
00791nam a2200205 a 4500 |
| 005 - FECHA Y HORA DE LA ÚLTIMA TRANSACCIÓN |
| campo de control |
20210219160122.0 |
| 008 - ELEMENTOS DE LONGITUD FIJA--INFORMACIÓN GENERAL |
| campo de control de longitud fija |
080808s1989 mx r 000 0 spa d |
| 020 ## - NÚMERO INTERNACIONAL NORMALIZADO PARA LIBROS |
| Número Internacional Estándar del Libro |
9232024993 |
| 035 ## - NÚMERO DE CONTROL DEL SISTEMA |
| Número de control de sistema |
UPN01000159107 |
| 049 ## - COLECCIÓN |
| Colección |
UNE |
| 080 ## - NÚMERO DE CLASIFICACIÓN DECIMAL UNIVERSAL |
| Número de la Clasificación Decimal Universal |
960 =40 "1880-1935" HIS Vol. 7 |
| 245 00 - MENCIÓN DE TÍTULO |
| Título |
Histoire générale de l'Afrique VII : |
| Resto del título |
l'Afrique sous domination coloniale 1880-1935 / |
| Mención de responsabilidad, etc. |
Directeur du volume A. Adu Boahen. |
| 260 ## - PUBLICACIÓN, DISTRIBUCIÓN, ETC. |
| Lugar de publicación, distribución, etc. |
París : |
| Nombre del editor, distribuidor, etc. |
UNESCO ; |
| Lugar de publicación, distribución, etc. |
Présence Africaine : |
| Nombre del editor, distribuidor, etc. |
Edicef, |
| Fecha de publicación, distribución, etc. |
1989. |
| 300 ## - DESCRIPCIÓN FÍSICA |
| Extensión |
937 p. : |
| Otras características físicas |
map., retrs. |
| 690 ## - PUNTO DE ACCESO ADICIONAL DE MATERIA LOCAL--TÉRMINO DE MATERIA (OCLC, RLIN) |
| Término de materia o nombre geográfico como elemento inicial |
Historia africana 1880-1935 |
| 690 ## - PUNTO DE ACCESO ADICIONAL DE MATERIA LOCAL--TÉRMINO DE MATERIA (OCLC, RLIN) |
| Término de materia o nombre geográfico como elemento inicial |
Africa - Historia - Colonialismo |
| 700 1# - ASIENTO SECUNDARIO--NOMBRE DE PERSONAL |
| Nombre de persona |
Boahen, Adu Albert, |
| Término indicativo de función/relación |
dir. |
| 710 2# - ASIENTO SECUNDARIO - NOMBRE CORPORATIVO |
| Nombre de entidad corporativa o nombre de jurisdicción como elemento de entrada |
UNESCO. |
| Unidad subordinada |
Comité scientifique international pour la redactiond'une histoire générale de l'Africa. |
| 905 ## - TIPO DE MATERIAL |
| Tipo de material |
UNESCO |